A Level Maths Formulas + Identities not given - Statistics

General Stats
  • This quiz has been taken 5 times
  • The average score is 10 of 35
Answer Stats
Hint Answer % Correct
Quadratic Equation(x=) -b+/-(b*2-4ac)*1/2/2a
100%
Log Laws 4 loga(a)= 1
60%
sin*2x+cos*2x= 1
60%
Area of a triangle (A=) 1/2absinC
60%
Sector area (A=) 1/2r*2 theta
60%
Indices power law 2 (a*-m)= 1/a*m
60%
Sine Rule a/sinA=b/sinB=c/sinC
60%
Indices power law 1 (m root of a)= (a*1/m)
40%
Cosine Rule (a*2=) b*2+c*2-2bc cosA
40%
Cosine Rule (cosA=) b*2+c*2-a*2/2bc
40%
Log Laws 2 (loga(x) - loga(y)=) loga(x/y)
40%
Log Laws 5 loga(1)= 0
20%
radian= 180/pi
20%
sin2x= 2sinxcosx
20%
Indices multiplication law (a*mXa*n)= a*m+n
20%
Indices division law (a*m/a*n)= a*m-n
20%
Indices brackets law 1 ((a*m)*n)= a*mn
20%
Arithmetic series (Un=) a+(n-1)d
20%
Indices brackets law 2 ((ab)*n)= a*nb*n
20%
Geometric series (Un=) ar*n-1
20%
cos2x= cos*2x-sin*2x | 2cos*x-1 | 1-2sin*2x
20%
1+cot*2x= cosec*2x
20%
1/sinx= cosecx
20%
1/tanx or cosx/sinx= cotx
20%
Log Laws 6 loga(1/x)= -loga(x)
20%
Log Laws 1 (loga(x) + loga(y)=) loga(xy)
20%
tan*2x+1= sec*2x
20%
1/cosx secx
20%
sinx/cosx= tanx
20%
Equation of circle (centre (a,b) and radius (r) (x-a)*2+(y-b)*2=r*2
20%
tan2x= 2tanx/1-tan*2x
0%
Perpendicular line m1Xm2=-1
0%
arc length(l)= rXtheta
0%
Gradient (m=) y2-y1/x2-x1
0%
Log Laws 3 loga(x*y)= yloga(x)
0%
No matching quizzes found
Score Distribution
Percent of People with Each Score
Percentile by Number Answered
Your Score History
You have not taken this quiz